00513nam a2200193 a 4500001001300000003000900013005001700022008004100039020001000080082001300090100002200103245005100125260004500176300000900221500003500230505001900265650001300284700002200297nice12345678IN_TiNIC20260116011653.0050524s1968 newa grp 000 0 eng  ac10000a230bKAU aKaufman, Gordon D aSystematic Theologyb Historicist Perspective. aNew YorkbCharles Scribner`s Sons,c1968 a543p aincludes index and biblioraphy2 aIndex of Names aTheology1 aKaufman, Gordon D